=LDR 00000nam 2200000 4500 =001 INLIS000000000032195 =005 20130612134219 =008 ***********************************ind** =035 ##$$0010-061300000032195 =041 ##$$a ind =082 ##$$a 492.703 =090 ##$$a R. 492.703, Mun a =100 ##$$a MUNAWIR, Ahmad Warisan =245 ##$$a Al - Munawwir Kamus Arab - Indonesia, di susun oleh Ahmad Warisan Munawwir ; di telaah oleh KH.Ali Ma"shum, KH Zainal Abidin Munawwir =260 ##$$a 1997 $b Surabaya =300 ##$$a xiv, 1534 hlm, 25 cm =650 ##$$a Bahasa Arab - Kamus =700 ##$$a Ma"shum, Ali =850 ##$$a NBPNMAT